000
00200 a2200097 4500
001
23647
100
_a
Sloan, H.S
245
_a
Dictionary of economics
260
_a
_b
Bames
_c
090
_c
16027
_d
16027
942
_a
NUST-CAE
_c
M
_c
6700
999
_c
258720
_d
258720